000 01199nam a2200325 i 4500
003 EG-GICUC
005 20260208004537.0
008 260112s1971 ua ||||f |||| 00| 0 ara d
017 _a1971/30930
040 _a EG-GICUC
_bara
_c EG-GICUC
_d EG-GICUC
_erda
041 _aara
082 0 4 _221
_a345.6231
_bع ب . ت
092 0 4 _221
099 _aLaw1 07 345.6231 ع ب . ت 1971
100 0 _aعبد الفتاح حسن
_eمؤلف.
245 1 2 _aالتفويض في القانون الإداري وعلم الإدارة العامة /
_cالدكتور عبد الفتاح حسن .
264 1 _aالقاهرة :
_bدار النهضة العربية ،
_c1971 .
300 _a255 ؛ صفحة
_c24 سم
336 _2rda content
_atext
337 _2rda media
_aComputer
338 _2rda carrier
_aOnline Resource
504 _a. 255-253 ببليوجرافيا: صفحات.
504 _aيشتمل على إرجاعات ببليوجرافية
650 1 4 _aالتفويض في الاختصاص
_2qrmak
650 1 4 _aالقانون الإداري
651 1 _2qrmak
856 4 0 _uhttps://fll.law.cu.edu.eg/fulltext/bks/B07-02386.pdf
905 _a61
_eYara
942 _2ddc
_cBK
_e21
_n0
999 _c56477
_d56477